| 000 | 01146nam a2200217 a 4500 | ||
|---|---|---|---|
| 001 | 000600292 | ||
| 003 | AM-YeHGA | ||
| 005 | 20250617153741.0 | ||
| 008 | 080922s1960 ai | |||||||||||||rus|d | ||
| 040 | _aAM-YeHGA | ||
| 041 | 0 | _arus | |
| 245 | 0 | 0 |
_aАгроклиматический справочник по Актюбинской области / _cУпр. гидрометслужбы Каз. ССР; Алма-Атинская гидрометролог. обсерватория; Отв. ред. Р.Д. Курдин. |
| 260 |
_aАлма-Ата : _bКазгосиздат, _c1960. |
||
| 300 |
_a150 с. : _bтабл., вкл. 3 л. карта ; _c26 см. |
||
| 650 | 1 | 4 |
_aСельское хозяйство _zАктюбинская область _xСправочник |
| 650 | 1 | 4 |
_aСельское хозяйство _zПоволжья |
| 700 | 1 |
_aКурдин, Р.Д. _eред. _4edt |
|
| 710 | 2 | _aУправление гидрометеорологической службы Казахской ССР | |
| 710 | 2 | _aАлма-Атинская гидрометеорологическая обсерватория | |
| 090 | _c399347 | ||
| 999 |
_c397259 _d397259 |
||